Tabasco : en la geografía i [sic] en la historia : monografía /

Guardado en:
Detalles Bibliográficos
Autor principal: Aguila Figueroa, Bernardo del (autor)
Formato: Libro
Idioma:Español
Publicado: Tabasco, México : Gobierno del Estado de Tabasco, 1947
Etiquetas: Agrega una etiqueta
Sin etiquetas, Sé el primero en etiquetar este registro!

MARC

LEADER 00000nam^a2200000^a^4500
001 000439290
005 20250526000000.0
009 20260310123307.003
037 |a Acervo ITESO - Biblioteca 
041 |a ESP 
091 |a FHM. 09306 
100 |a Aguila Figueroa, Bernardo del  |e (autor) 
245 1 0 |a Tabasco :  |b en la geografía i [sic] en la historia : monografía / 
264 1 |a Tabasco, México :  |b Gobierno del Estado de Tabasco,  |c 1947 
300 |a 342 p. ;  |c 20.5 cm. 
336 |a texto  |b txt  |2 rdacontenido 
337 |a sin mediación  |b n  |2 rdamedio 
338 |a volumen  |b nc  |2 rdasoporte 
649 |a XX 
910 |a Fondo Hugo B. Margáin 
920 |a Impresos - Libros 
930 |a Libros Antiguos y Raros 
905 |a 126 
901 |a 0500305260  |b IT2  |c LRA  |i D109589  |u 20250526 
902 |a https://opac.biblio.iteso.mx/vufind/Record/000439290